Handbook of Manufacturing\ (Record no. 586047)
[ view plain ]
| 000 -LEADER | |
|---|---|
| fixed length control field | 00473nam a22001817a 4500 |
| 003 - CONTROL NUMBER IDENTIFIER | |
| control field | NUST |
| 005 - DATE AND TIME OF LATEST TRANSACTION | |
| control field | 20210803113229.0 |
| 008 - FIXED-LENGTH DATA ELEMENTS--GENERAL INFORMATION | |
| fixed length control field | 210803b ||||| |||| 00| 0 eng d |
| 020 ## - INTERNATIONAL STANDARD BOOK NUMBER | |
| International Standard Book Number | 9789813271012 |
| 038 ## - RECORD CONTENT LICENSOR | |
| Staff Name | Muzammil |
| 082 ## - DEWEY DECIMAL CLASSIFICATION NUMBER | |
| Classification number | 670 |
| Author Mark | HUA |
| 100 ## - MAIN ENTRY--PERSONAL NAME | |
| Personal name | Huang, Yong |
| 9 (RLIN) | 81142 |
| 245 ## - TITLE STATEMENT | |
| Title | Handbook of Manufacturing\ |
| Statement of responsibility, etc. | Edited by Yong Huang , Lihui Wang |
| 260 ## - PUBLICATION, DISTRIBUTION, ETC. | |
| Place of publication, distribution, etc. | London |
| Name of publisher, distributor, etc. | World Scientific |
| Date of publication, distribution, etc. | 2020 |
| 300 ## - PHYSICAL DESCRIPTION | |
| Extent | xi,725p.: |
| 563 ## - BINDING INFORMATION | |
| Binding note | Hard Cover |
| 942 ## - ADDED ENTRY ELEMENTS (KOHA) | |
| Source of classification or shelving scheme | |
| Koha item type | Book |
| Withdrawn status | Lost status | Source of classification or shelving scheme | Damaged status | Not for loan | Permanent Location | Current Location | Shelving location | Date acquired | Total Checkouts | Full call number | Barcode | Date last seen | Price effective from | Koha item type |
|---|---|---|---|---|---|---|---|---|---|---|---|---|---|---|
| School of Mechanical & Manufacturing Engineering (SMME) | School of Mechanical & Manufacturing Engineering (SMME) | General Stacks | 08/03/2021 | 670 HUA | SMME-3611 | 08/03/2021 | 08/03/2021 | Book |
